00643nam a2200217Ia 450000500170000000800410001702000150005808200210007324500640009426000420015830000280020065000100022865000110023865000140024965000140026365000120027770000180028994200060030795200970031399900150041020250203054903.0240331s9999 xx 000 0 und d a0854968695 bBUJ24000a305.4 0aMigrant Women:bCrossing Boundaries and Changing Identities aOxfordbBerg Publishers Limitedc1993 avii, 206 p., (Volume 7) aWomen aGender aMigration aEducation aCulture aBujis, Geedt cL 001040708LaWERCLbWERCLcSSCd2024-03-31l0o 305.4 MIGp4000r2024-03-31w2024-03-31yL c1405d1405